000
00414nam a22001097a 4500
008
110623t xxu||||| |||| 00| 0 eng d
010
_a
HCCSF95
245
_a
High Court Civil Suit No. 205 OF 2002 J.B. Ouma Vs Uganda Railways Corporation
260
_c
2002
500
_a
Before: THE HON. MR. JUSTICE LAMECK N. MUKASA
999
_c
3804
_d
3804